Guess all UEFA Football Federations - Statistics

General Stats
  • This quiz has been taken 15 times
  • The average score is 52 of 55
Answer Stats
Federation
Acronym Country or territory % Correct
Federació Andorrana de Futbol FAF Andorra
100%
Österreichischer Fußball-Bund ÖFB Austria
100%
Belaruskaja Federacyja Futbola БФФ (BFF) Belarus
100%
Union Royale Belge des Sociétés de Football Association/Koninklijke Belgische Voetbalbond KBVB/RBFA Belgium
100%
Bǎlgarski Futbolen Sǎjuz BFS Bulgaria
100%
Hrvatski Nogometni Savez HNS Croatia
100%
Dansk Boldspil Union DBU Denmark
100%
The Football Association The FA England
100%
Suomen Palloliitto SPL Finland
100%
Deutscher Fußball-Bund DFB Germany
100%
Gibraltar Football Association GFA Gibraltar
100%
Ellinikì Podosfairikì Omospondìa EPO Greece
100%
Magyar Labdarúgó Szövetség MLSZ Hungary
100%
Football Association of Ireland FAI Ireland
100%
Federazione Italiana Giuoco Calcio FIGC Italy
100%
Federata e Futbollit e Kosovës FFK Kosovo
100%
Latvijas Futbola federācija LFF Latvia
100%
Lietuvos futbolo federacija LFF Lithuania
100%
Fédération Luxembourgeoise de Football FLF Luxembourg
100%
Malta Football Association MFA Malta
100%
Koninklijke Nederlandse Voetbal Bond KNVB Netherlands
100%
Polski Związek Piłki Nożnej PZPN Poland
100%
Federația Română de Fotbal FRF Romania
100%
Rossijskij Futbol'nyj Sojuz - Russia
100%
Scottish Football Association SFA Scotland
100%
Fudbalski Savez Srbije FSS Serbia
100%
Slovenský futbalový zväz SFZ Slovakia
100%
Nogometna Zveza Slovenije NZS Slovenia
100%
Real Federación Española de Fútbol RFEF Spain
100%
Svenska Fotbollförbundet SvFF Sweden
100%
Türkiye Futbol Federasyonu TFF Turkey
100%
Football Association of Wales FAW Wales
100%
Federata Shqiptare e Futbollit FSHF Albania
92%
Azərbaycan Futbol Federasiyaları Assosiasiyası AFFA Azerbaijan
92%
Fudbalski Savez Bosne i Hercegovine FSBiH Bosnia and Herzegovina
92%
Kypriakī Omospondía Podosférou KOΠ (KOP) Cyprus
92%
Fotbalová asociace České republiky FAČR Czech Republic
92%
Eesti Jalgpalli Liit EJL Estonia
92%
Fédération Française de Football FFF France
92%
HaHitakhdut leKaduregel beYisrael IFA Israel
92%
Liechtensteiner Fussballverband LFV Liechtenstein
92%
Federația Moldovenească de Fotbal FMF Moldova
92%
Irish Football Association IFA Northern Ireland
92%
Norges Fotballforbund NFF Norway
92%
Federação Portuguesa de Futebol FPF Portugal
92%
Federazione Sammarinese Giuoco Calcio FSGC San Marino
92%
Association Suisse de Football/Schweizerischer Fussballverband ASF/SFV Switzerland
92%
Ukrayins'ka Asotsiatsiya Futbolu UAF Ukraine
92%
Knattspyrnusamband Íslands KSÍ Iceland
83%
Qazaqstannyñ Futbol Federaciyasy KFF Kazakhstan
83%
Fudbalski savez Crne Gore FSCG Montenegro
83%
Fudbalska Federacija na Severna Makedonija FFSM North Macedonia
83%
Hayastani fowtboli federac'ia Հֆֆ (HFF) Armenia
75%
Fótbóltssamband Føroya FSF Faroe Islands
75%
Sakartvelos Pekhburtis Pederatsis GFF Georgia
75%
No matching quizzes found
Score Distribution
Percent of People with Each Score
Percentile by Number Answered
Your Score History
You have not taken this quiz